|
|
|
|
| LEADER |
00808naa a2200205 i 4500 |
| 001 |
acta59282 |
| 005 |
20260224081030.0 |
| 008 |
190716s2004 hu o 100 eng d |
| 040 |
|
|
|a SZTE Egyetemi Kiadványok Repozitórium
|b hun
|
| 041 |
|
|
|a eng
|
| 100 |
1 |
|
|a Alberti Gábor
|
| 245 |
1 |
0 |
|a GeLexi project
|h [elektronikus dokumentum] :
|b machine translation based on total lexicalism /
|c Alberti Gábor
|
| 260 |
|
|
|c 2004
|
| 300 |
|
|
|a 341
|
| 490 |
0 |
|
|a Magyar Számítógépes Nyelvészeti Konferencia
|v 2
|
| 695 |
|
|
|a Nyelvészet - számítógép alkalmazása - előadáskivonat
|
| 700 |
0 |
1 |
|a Kleiber Judit
|e aut
|
| 700 |
0 |
1 |
|a Viszket Anita
|e aut
|
| 710 |
|
|
|a Magyar Számítógépes Nyelvészeti Konferencia (2.) (2004) (Szeged)
|
| 856 |
4 |
0 |
|u http://acta.bibl.u-szeged.hu/59282/1/msznykonf_002_341.pdf
|z Dokumentum-elérés
|